Gran señor y rajadiablos : (Record no. 9196)
[ view plain ]
| 000 -CABECERA | |
|---|---|
| campo de control de longitud fija | 00703cam a2200229 a 4500 |
| 001 - NÚMERO DE CONTROL | |
| campo de control | 000009436 |
| 005 - FECHA Y HORA DE LA ÚLTIMA TRANSACCIÓN | |
| campo de control | 20200929161608.0 |
| 008 - DATOS DE LONGITUD FIJA--INFORMACIÓN GENERAL | |
| campo de control de longitud fija | 820908s1981 cl 000 f spa |
| 035 ## - NÚMERO DE CONTROL DEL SISTEMA | |
| Número de control de sistema | (DLC) 66050982 |
| 040 ## - FUENTE DE LA CATALOGACIÓN | |
| Centro catalogador/agencia de origen | DO-SdBNP |
| Lengua de catalogación | spa |
| Centro/agencia transcriptor | CarP |
| Centro/agencia modificador | BNPHU |
| 082 ## - NÚMERO DE LA CLASIFICACIÓN DECIMAL DEWEY | |
| Número de clasificación | Pe863.4 |
| Número de documento/Ítem | B276g |
| 049 ## - FONDOS LOCALES (OCLC) | |
| Fondos de biblioteca | BNGR |
| 100 1# - ENTRADA PRINCIPAL--NOMBRE DE PERSONA | |
| Nombre de persona | Barrios, Eduardo, |
| Fechas asociadas al nombre | 1884-1963. |
| 9 (RLIN) | 24232 |
| 245 10 - MENCIÓN DE TÍTULO | |
| Título | Gran señor y rajadiablos : |
| Resto del título | textos completo / |
| Mención de responsabilidad, etc. | Eduardo Barrios. |
| 260 ## - PUBLICACIÓN, DISTRIBUCIÓN, ETC. | |
| Lugar de publicación, distribución, etc. | Santiago, (Chile) : |
| Nombre del editor, distribuidor, etc. | Andrés Bello, |
| Fecha de publicación, distribución, etc. | 1981. |
| 300 ## - DESCRIPCIÓN FÍSICA | |
| Extensión | 383 p. ; |
| Dimensiones | 19 cm. |
| 490 1# - MENCIÓN DE SERIE | |
| Mención de serie | Andrés |
| Designación de volumen o secuencia | 25 |
| 650 #4 - PUNTO DE ACCESO ADICIONAL DE MATERIA--TÉRMINO DE MATERIA | |
| Término de materia o nombre geográfico como elemento de entrada | Novela peruana |
| 9 (RLIN) | 12569 |
| 650 #4 - PUNTO DE ACCESO ADICIONAL DE MATERIA--TÉRMINO DE MATERIA | |
| Término de materia o nombre geográfico como elemento de entrada | Literatura peruana |
| Subdivisión cronológica | SIGLO XX |
| 9 (RLIN) | 14789 |
| 830 #0 - PUNTO DE ACCESO ADICIONAL DE SERIE-TÍTULO UNIFORME | |
| Título uniforme | Andrés ; |
| Designación de volumen o secuencia | 25 |
| 9 (RLIN) | 24233 |
| 910 ## - DATOS DE OPCIÓN DEL USUARIO (OCLC) | |
| Datos de opción del usuario | Catalogación derivada |
| Estado de retiro | Estado de pérdida | Restricciones de uso | No para préstamo | Código de colección | Localización permanente | Ubicación/localización actual | Ubicación en estantería | Fecha de adquisición | Número de inventario | Total de préstamos | Signatura topográfica completa | Código de barras | Fecha visto por última vez | Precio válido a partir de | Tipo de ítem Koha |
|---|---|---|---|---|---|---|---|---|---|---|---|---|---|---|---|
| Préstamo interno | Monografías: Libros y Folletos | General | General | En catalogación | 29.09.2009 | LF1 | Pe863.4 B276g | 9436-10 | 25.06.2020 | 25.06.2020 | Préstamo interno |
